| 000 | 01032nam a2200229Ia 4500 | ||
|---|---|---|---|
| 999 |
_c39197 _d39197 |
||
| 001 | 5783 | ||
| 003 | GE_BSU | ||
| 005 | 20190529143241.0 | ||
| 008 | 181216sge ||||xx |||||||||||||| ||geo|| | ||
| 040 | _cGE_BSU | ||
| 041 | _ageo | ||
| 080 | _a626/627 + 699.841 მ-89 | ||
| 100 |
_aმოწონელიძე, ნ. _91084 |
||
| 245 |
_aჰიდროტექნიკურ ნაგებობათა სეისმომედეგობა : _bდამხმ. სახელმძღ. / _cნ. მოწონელიძე ; რედ. ე.გიორგაძე. |
||
| 264 |
_aთბილისი : _bსპი, _c1986. |
||
| 300 | _a78გვ;20სმ;ბიბლიოგრ.:გვ.76. | ||
| 300 | _eნახაზ. | ||
| 504 | _aბიბლიოგრ. : გვ.76. | ||
| 653 | _aჰიდროტექნიკურ ნაგებობათა სეისმომედეგობა | ||
| 700 |
_aგიორგაძე, ე. _eრედაქტორი _9398 |
||
| 942 |
_cBK _2udc |
||